000 01642cam a22003854i 4500
003 PE-LiUPU
005 20250731175630.0
008 150623s pe r 000 0 spa d
035 _a(Sirsi) a28971
040 _aPE-LiUPU
_bspa
_cPE-LiUPU
_erda
100 1 _aVillanueva, Vidal,
_eautor.
245 1 0 _aManual de tildación :
_bejercicios, soluciones /
_cVidal Villanueva.
264 1 _aLima :
_bGalCa,
_c[1996].
300 _a134 páginas ;
_c20cm.
336 _atext
_2rdacontent
337 _aunmediated
_2rdamedia
338 _avolume
_2rdacarrier
526 _aP145
526 _aP127
526 _aP97
526 _aP35
526 _aP14
526 _aP07
910 _cigq
942 _2ddc
_cBOOK
949 _a415.03 V66
_wDEWEY
_c1
_i29711
_lCCODEBUL1
_mBUL
_p00.00
_r0
_sY
_tBOOK
_u2015-06-24
_xBIBLIOTECA
_zUNKNOWN
_0COMPRA
_o.STAFF. Colección General
949 _a415.03 V66
_wDEWEY
_c2
_i29710
_lCCODEBUL1
_mBUL
_p00.00
_r0
_sY
_tBOOK
_u2015-06-24
_xBIBLIOTECA
_zUNKNOWN
_0COMPRA
_o.STAFF. Colección General
596 _a1 2
999 _a415.03 V66
_wDEWEY
_c36277
_i29711
_f2021-11-9
_g5
_lCCODEBUL1
_mBUL
_r0
_sY
_tBOOK
_u2015-6-24
_xEDUCACION
_zUNKNOWN
_0COMPRA
_o.STAFF. Colección General
_d36277
999 _a415.03 V66
_wDEWEY
_c2
_i29710
_f2019-12-10
_g4
_lDISCARD
_mBUL
_r1
_sY
_tBOOK
_u2015-6-24
_xEDUCACION
_zUNKNOWN
_0COMPRA
_o.STAFF. Colección General
999 _a461.1 V66
_wDEWEY
_c1
_iFT01630
_f2019-2-20
_g1
_lCCODEBUT1
_mBUT
_r0
_sY
_tBOOK
_u2016-2-4
_xBIBLIOTECA
_zUNKNOWN
_0DONACION
_o.STAFF. Colección General
980 _81
_gALBERTO SANCHEZ Responsable de Automatización